| 000 | 00866nam a22002297a 4500 | ||
|---|---|---|---|
| 999 |
_c19371 _d19371 |
||
| 003 | AR-CdUCM | ||
| 008 | 190517b ||||| |||| 00| 0 spa d | ||
| 040 |
_aMUNICIPALIDAD PROVINCIAL DEL CUSCO _cBIBLIOTECA MUNICIPAL DEL CUSCO |
||
| 082 |
_a985.0093 / _bA89 |
||
| 100 |
_aAvalle-Arce, Juan Bautista _940675 |
||
| 245 |
_aEl Inca Garcilaso en sus "Comentarios" : _bantología vivida / |
||
| 260 |
_aMadrid : _bGredos, _c1964. |
||
| 300 |
_a282 páginas ; _c20 cm. |
||
| 440 |
_aBiblioteca románica hispánica ; _n6 _935748 |
||
| 505 | _aContenido: El imperio inca -- Origen de los incas -- El método histórico -- Algunas costumbres indias -- El orgullo nobiliario -- La familia real ... | ||
| 650 |
_aPerú _935 |
||
| 650 |
_aHistoria _9136 |
||
| 650 |
_aÉpoca Prehispánica _92714 |
||
| 650 |
_aIncas _9303 |
||
| 942 |
_2ddc _cLIBROS |
||
| 945 |
_aacv _d2019-05-17 |
||